| 000 | 00576 a2200169 4500 | ||
|---|---|---|---|
| 003 | Nust | ||
| 005 | 20230227103341.0 | ||
| 040 | _cNust | ||
| 082 | _a297.7,FAK | ||
| 100 |
_aFakir Syed Waheed-ud-Din _9109585 |
||
| 245 |
_aThe Benefactor / _c Fakir Syed Waheed-ud-Din ; English text rev. by Faiz Ahmed Faiz. |
||
| 260 |
_aChicago _b: Kazi Publications, _cc1977. |
||
| 300 |
_aviii, 150 p _b., [1] leaf of plates _c map ; 22 cm. |
||
| 505 | _aPart-1: Muhammad The Prophet (Page-1), Part-2: Companions ABUBAKR (Page-91). | ||
| 650 |
_aThe benefactor _9109586 |
||
| 942 |
_2ddc _cBK |
||
| 999 |
_c184977 _d184977 |
||